Význam ekologických výrobkov pre slovenských spotrebiteľov bakalárska práca

Guardado en:
Detalles Bibliográficos
Autor principal: Sedláček, Juraj
Autor Corporativo: Fakulta podnikového manažmentu EU. Katedra manažmentu
Otros Autores: Vogl, Michaela
Formato: Libro
Lenguaje:eslovaco
Publicado: Bratislava 2012
Etiquetas: Agregar Etiqueta
Sin Etiquetas, Sea el primero en etiquetar este registro!

MARC

LEADER 00000nbm a2200000 4500
001 0153754
005 20161109111806.3
041 0 |a slo 
044 |a SK 
245 1 0 |a Význam ekologických výrobkov pre slovenských spotrebiteľov  |b bakalárska práca  |c Juraj Sedláček ; školiteľ: Michaela Vogl 
264 1 |a Bratislava  |c 2012 
300 |a 56 s. 
100 1 |a Sedláček, Juraj 
700 1 |a Vogl, Michaela 
710 2 |a Fakulta podnikového manažmentu EU. Katedra manažmentu